Kam smerujú výnosy
Trh slovenských realít rastie už niekoľko rokov. Rozširovanie ponuky nehnuteľností. Atraktívnosť investícií do obchodných nehnuteľností, ale hlavne do logistiky. Oslabenie výnosnosti z prenájmu kancelárií. Situácia investovania do bytov v Bratislave.
Saved in:
| Main Author: | |
|---|---|
| Format: | Book Chapter |
| Language: | Slovak |
| Subjects: | |
| Tags: |
No Tags, Be the first to tag this record!
|
MARC
| LEADER | 00000naa$a2200000$$$4500 | ||
|---|---|---|---|
| 001 | 0056797 | ||
| 005 | 20231009073120.5 | ||
| 041 | 0 | |a slo | |
| 044 | |a SK | ||
| 245 | 1 | 0 | |a Kam smerujú výnosy |c Martin Rojko |
| 520 | |a Trh slovenských realít rastie už niekoľko rokov. Rozširovanie ponuky nehnuteľností. Atraktívnosť investícií do obchodných nehnuteľností, ale hlavne do logistiky. Oslabenie výnosnosti z prenájmu kancelárií. Situácia investovania do bytov v Bratislave. | ||
| 610 | 2 | 0 | |a nehnuteľnosti |
| 610 | 2 | 0 | |a investície |
| 610 | 2 | 0 | |a výnosy |
| 610 | 2 | 0 | |a prenájom |
| 100 | 1 | |a Rojko, Martin | |